Miasta o PKB nominalnym większym od PKB Polski - Statystyki

Ogólne statystyki
  • Ten quiz został rozwiązany 242 razy
  • Średni wynik to 7 z 10
Statystyki odpowiedzi
PKB Odpowiedź % Poprawnych
2010 mld $ Nowy Jork
96%
1893 mld $ Tokio
89%
633 mld $ Londyn
88%
724 mld $ Paryż
84%
1294 mld $ Los Angeles
82%
689 mld $ Chicago
62%
895 mld $ Seul
52%
541 mld $ Waszyngton
47%
549 mld $ San Francisco
32%
681 mld $ Osaka
30%
Nie znaleziono quizów pasujących do podanych kryteriów
Rozkład punktacji
Procent ludzi z każdym wynikiem
Percentyl według liczby udzielonych odpowiedzi
Twoja historia wyników
Nie rozwiązałeś tego quizu